000 00447nam a22001817a 4500
003 CEME
005 20210628203248.0
008 210122b xxu||||| |||| 00| 0 eng d
020 _a0-538-42619-5
040 _c.
082 _a330 ARN
100 _aArnold, Roger A
_964371
245 _aEconomics in our times
260 _aNEW YORK
_bNATIONAL TEXTBOOK COMPANY
_c1999
300 _aXXII,602 P
650 _aECONOMICS
_91437
942 _cBK
_2ddc
999 _c572885
_d572885